| 000 | 00338nam a22001337a 4500 | ||
|---|---|---|---|
| 082 |
_a621.3 _bUPP _cL-10, P-36 |
||
| 100 |
_aUppal, R.S. _941225 |
||
| 245 | _aElectric Power. | ||
| 260 |
_aKarachi _bUnion Book Stall _c1965 |
||
| 300 |
_bill. : _c6 Cm |
||
| 526 |
_a0 _b0 _c0 _d621_300000000000000_UPP |
||
| 650 |
_aMCE _9379 |
||
| 942 |
_2ddc _cBK |
||
| 999 |
_c545392 _d545392 |
||